| 000 | 00372nam a22001337a 4500 | ||
|---|---|---|---|
| 008 | 230602b xxu||||| |||| 00| 0 eng d | ||
| 082 |
_2Vol 11 _a060.4273 _bSUL |
||
| 100 | _d2009 | ||
| 245 |
_aRules of the House of Representatives _bof the United States One Hundred Eleventh Congress _cJohn V. Sulivan |
||
| 250 | _aVol 11 | ||
| 300 | _a992 | ||
| 440 | _v11 | ||
| 942 |
_2ddc _cBK |
||
| 999 |
_c131 _d131 |
||